Sledovateľnosť a správa požiadaviek na vývoj softvéru

Gespeichert in:
Bibliographische Detailangaben
1. Verfasser: Kuchár, Patrik (Verfasst von)
Weitere Verfasser: Mlynarovič, Vladimír (Betreuung Doktorarbeit)
Format: Manuskript Buch
Sprache:Slowakisch
Veröffentlicht: 2025
Schlagworte:
Online-Zugang:http://is.stuba.sk/zp/portal_zp.pl?podrobnosti=183595
Tags: Tag hinzufügen
Keine Tags, Fügen Sie das erste Tag hinzu!

MARC

LEADER 00000ntm a22000003a 4500
001 stuzp105781
003 SK-STU
005 20250607211558.1
007 ta
008 150427s2015----xo-----f-mn---000-0-slo-d
040 |a STU  |b slo 
041 0 |a slo 
100 1 |a Kuchár, Patrik  |u 070200  |4 aut  |U FIIT Fakulta informatiky a informačných technológií  |T FIIT Ústav informatiky, informačných systémov a softvérového inžinierstva  |X 110837  |U I200  |Y 179  |7 110837 
242 0 1 |a Traceability and management of software development requirements  |y eng 
245 1 0 |a Sledovateľnosť a správa požiadaviek na vývoj softvéru 
260 |c 2025 
650 4 |a Requirements management  |2 eng 
650 4 |a Traceability of requirements  |2 eng 
650 4 |a Estimating effort based on requirements  |2 eng 
650 4 |a Sledovateľnosť požiadaviek  |2 slo 
650 4 |a Odhadovanie úsilia na základe požiadaviek  |2 slo 
650 4 |a Riadenie požiadaviek  |2 slo 
700 1 |a Mlynarovič, Vladimír  |u 070200  |k Z8  |4 ths  |U FIIT Fakulta informatiky a informačných technológií  |T FIIT Ústav informatiky, informačných systémov a softvérového inžinierstva  |X 25010  |U I200  |Y 179  |7 A000025010 
856 4 |u http://is.stuba.sk/zp/portal_zp.pl?podrobnosti=183595